Paroles - Puisque tu pars - Jean-Jacques Goldman - Statistiques

Statistiques générales
  • Ce quiz a été pris 477 fois
  • Le résultat moyen est 249 sur 316
Statistiques - réponses
Paroles % Correct
pu
99%
Puisque
99%
puisque
99%
tu
98%
À
97%
à
97%
au
97%
le
97%
pars
97%
de
96%
te
95%
ne
94%
les
93%
ton
93%
et
92%
Et
92%
la
92%
pas
92%
Pas
92%
que
92%
Que
92%
ta
92%
ce
91%
nous
90%
plus
90%
en
88%
Garde
87%
Dans
86%
des
86%
qui
86%
Si
86%
un
86%
tout
85%
Tout
85%
une
85%
Mais
84%
mais
84%
nos
84%
ces
83%
reste
83%
histoire
82%
pour
82%
mémoire
81%
Comme
80%
comme
80%
même
80%
n'est
80%
80%
revoir
80%
fait
79%
mieux
79%
Notre
79%
vie
79%
c'est
78%
L'on
78%
force
77%
t'aimer
77%
faut
76%
montagne
75%
"ainsi
74%
beau
74%
d'autres
74%
perdu
74%
peut
74%
Puisqu'il
74%
restes
74%
retenir
74%
trop
74%
venir
74%
vents,
74%
vents
74%
cette
73%
Cette
73%
cœur
73%
comprendre
73%
défaut
73%
évidence
73%
silence
73%
âmes
72%
belles
72%
chance
72%
soit-il"
72%
t'aurions
72%
intime
71%
mènent
71%
t'aimons
71%
toi
71%
ailleurs
70%
battre
70%
donner
70%
penses
69%
Qu'ira
69%
apprendre
68%
penser
67%
t'apprenne
67%
trahissais
67%
Au-delà
65%
indélébile
65%
loin
65%
l'oubli
65%
Sauront
65%
vivre
65%
forcément
64%
marches
64%
haute
63%
parfois
63%
empreinte
62%
t'envions
62%
gagne
61%
suffire
61%
d'avril
60%
octobre
59%
rêver
59%
villes
59%
désirs
58%
est
58%
l'est
58%
l'ombre
58%
maison
58%
tard
58%
Aujourd'hui
57%
l'horizon
57%
J'aurais
55%
je
55%
Sache
55%
qu'ici
54%
Sans
54%
sans
54%
assez
53%
revenir
53%
ça
52%
qu'à
52%
qu'il
52%
encore
50%
Tant
50%
tant
50%
essaie
48%
d'apprendre
47%
dérisoires
47%
larmes
47%
Pauvres
47%
exil
46%
l'as
46%
armes
45%
d'amour
45%
l'intérieur
45%
n'était
45%
douleurs
44%
sur
44%
toutes
42%
pleurent
40%
simple
39%
drame,
38%
geste
37%
Parce
37%
quitter
37%
pouvais
36%
portes
35%
Oublier
34%
fermer
32%
Yeah,
9%
Aucun quiz correspondant
Distribution des résultats
% des personnes avec chaque résultat
Percentile par nombre de réponses
Votre historique - résultats
Vous n’avez pas pris ce quiz